000 00612nam a2200229Ia 4500
003 OSt
005 20220928113238.0
006 a|||||r|||| 00| 0
007 ta
008 220927b |||||||| |||| 00| 0 eng d
024 _a55788
037 _cTextual
040 _aSDCL
_cSDCL
_beng
041 _2eng
_aeng
082 _aV58:191(X)'N7, M3
100 _aImam Zafar
_9402847
245 0 _aTowards a model relationship.
260 _aNew Delhi
_bABC Publishing House
_c1983
300 _avi,195p.
_ccm.
942 _hV58:191(X)'N7, M3
_cTEXL
_2CC
999 _c748709
_d748709